BIBLIOTHÈQUE DE LA MAISON DU MEXIQUE

Logo 1 Logo 2

Dramaturgia novohispana del siglo XVIII (notice nᵒ 1825)

détails MARC
000 -Sello discográfico
campo de control de longitud fija 01023nam a2200313 4500
005 - Identificación de versión
campo de control 20251016082708.0
010 ## - Número Estándar Internacional de Libros (ISBN)
Número (ISBN) 968-29-3548-2
035 ## - Otros números de control del sistema
Número de control del sistema 22309
099 ## - fechas locales
Tipo de ítem Koha LIBRO
100 ## - Datos de procesamiento general
Datos de procesamiento general 19970617d1993 m y1spay5003 ba
105 ## - Campo de datos codificados: Material textual, monográfico
Datos codificados de monografía a 001by
200 1# - Título y mención de responsabilidad
Título propio Dramaturgia novohispana del siglo XVIII
Designación general del material texto impreso
Primer mención de responsabilidad Estudio introductorio y notas Germán Viveros Maldonado
205 ## - Declaración de edición
Declaración de edición 1a ed
210 ## - Publicación, distribución, etc.
Lugar de publicación, distribución, etc. México
Nombre del editor, distribuidor, etc. Consejo Nacional para la Cultura y las Artes
Fecha de publicación, distribución, etc. 1993
215 ## - Descripción física
Designación de material específico y extensión del ítem 231 p
Otras características físicas il.
Dimensiones 28 cm
300 ## - Notas generales
Texto de la nota Incluye antología de textos
345 ## - Nota de información de adquisición
Fuente de adquisición/dirección de la suscripción [OBSOLETO] Donación del CNCA
410 #1 - Series
Título Teatro mexicano
Nombre de parte o sección Historia y dramaturgia
Número de volumen 9
606 ## - Término temático usado como materia
Elemento de entrada Teatro mexicano
Subdivisión temática Historia y crítica
Subdivisión cronológica Siglo XVIII
Número Koha 3373
660 ## - Código de área geográfica
Código MX
702 ## - Nombre personal - Responsabilidad secundaria
Elemento de entrada Viveros Maldonado
Parte del nombre distinta del elemento de entrada Germán
Fechas 1937-
Número Koha 491
801 ## - Fuente de origen
Agencia cm
900 ## -
-- 1/14240
900 ## -
-- 710973724\\170697
942 ## - ELEMENTOS DE ENTRADA SECUNDARIOS (KOHA)
Tipo de ítem Koha Livre
996 ## -
-- MEX
-- 751145101
-- MMAG
-- 007154
-- 862.09 T253 V.9
-- 20221202LIV
Exemplaires
Estatus retirado Estado de daño Estado de pérdida Fecha de adquisición Biblioteca de origen Biblioteca actual Ubicación en estantería Código de barras Precio de reemplazo Signatura topográfica completa No para préstamo Tipo de ítem Koha Nota pública Nota no pública
      05/08/2025 Casa México Paris Casa México Paris   007154 05/08/2025 862.09 T253 V.9   Livre 20221202LIV 751145101